00570nam a2200157Ia 4500008004100000020005500041040000800096082002100104100003400125245004200159260000900201264006400210942001300274952011000287999001500397231129s2015||||xx |||||||||||||| ||spa|| a978-958-58887-4-6  bspa a303.686152 S487b aSerrato Martí­nez Ludivia 0aBuenaventura: Un puerto sin comunidad c2015 aBogotá Colombia : Centro Nacional de Memoria Histórica 2ddccBKS 00102ddc4070aBRCbBRCd2016-02-10l0o303.686152 S487bp26160r2023-11-29 20:58:39t1w2023-11-29yBK c6373d6373